| 000 | 00514nam a2200181Ia 4500 | ||
|---|---|---|---|
| 003 | OSt | ||
| 005 | 20260328102642.0 | ||
| 008 | 211028s2010 xx 000 0 und d | ||
| 040 | _cAIMIT LIBRARY | ||
| 041 | _aeng | ||
| 082 | _a658.15 LOBA | ||
| 100 |
_aLobo, Audrey Victoria;Shetty, Prathibha. _g816009 _96400 |
||
| 245 | _aCash control system at mangala restaurant, Mangalore- a case study / | ||
| 260 |
_bShetty, Prathibha _c2010 |
||
| 600 |
_aFinance _96401 |
||
| 650 |
_aFinance _96402 |
||
| 942 |
_2ddc _cPRO |
||
| 999 |
_c218225 _d218225 |
||